La importancia del contenido en la enseñanza: actividades en las clases de matemáticas y ciencias sociales
Guardado en:
| Autor principal: | |
|---|---|
| Formato: | Libro |
| Lenguaje: | español |
| Publicado: |
Barcelona
Paidós
1991
|
| Colección: | Temas de Educación, 27
|
| Materias: | |
| Etiquetas: |
Agregar Etiqueta
Sin Etiquetas, Sea el primero en etiquetar este registro!
|
MARC
| LEADER | 00000nam a2200000 a 4500 | ||
|---|---|---|---|
| 001 | UCW7478 | ||
| 003 | CL-VaPUC | ||
| 008 | 930311e19910000SP |||||||||||||||||spa|d | ||
| 082 | 0 | 4 | |a 372.044 |b STO |2 21 |
| 100 | 0 | |a Stodolsky, Susan S |e author |9 312629 | |
| 245 | 1 | 3 | |a La importancia del contenido en la enseñanza: actividades en las clases de matemáticas y ciencias sociales |
| 300 | |a 216 p | ||
| 942 | |c BK | ||
| 945 | |d 19930311 00:00:00 |a rbrito | ||
| 260 | |a Barcelona |b Paidós |c 1991 | ||
| 650 | 0 | |a Matemática |9 260235 | |
| 650 | 0 | |a Métodos de enseñanza |9 270413 | |
| 650 | 0 | |a Ciencias sociales |9 256351 | |
| 583 | |a last modification |c 20180327 04:50:53 |k Rodrigo Vera | ||
| 490 | 0 | |a Temas de Educación, 27 | |
| 999 | |c 220218 |d 220216 | ||
| 952 | |0 0 |1 0 |4 0 |6 372_044000000000000_STO_1991 |7 0 |8 A |9 212147 |a BIBEDU |b BIBEDU |d 2019-11-15 |i 280395K |o 372.044 STO 1991 |p 280395K |r 2019-11-15 |w 2019-11-15 |y BK |k EDU | ||
| 952 | |0 0 |1 0 |4 0 |6 372_044000000000000_STO_1991 |7 0 |8 A |9 212148 |a FDOPOS |b FDOPOS |d 2019-11-15 |i 3013316 |o 372.044 STO 1991 |p 3013316 |r 2025-01-22 |w 2019-11-15 |y BK |k MLA | ||
| 952 | |0 0 |1 0 |4 0 |6 372_044000000000000_STO_1991 |7 0 |8 A |9 212149 |a BIBEDU |b BIBEDU |d 2019-11-15 |i 3485080 |o 372.044 STO 1991 |p 3485080 |r 2019-11-15 |w 2019-11-15 |y BK |k LIT | ||